Normal view
MARC view
Entry Topical Term
001 - CONTROL NUMBER
- control field: 59687
003 - CONTROL NUMBER IDENTIFIER
- control field: OSt
005 - DATE AND TIME OF LATEST TRANSACTION
- control field: 20260302113548.0
008 - FIXED-LENGTH DATA ELEMENTS
- fixed length control field: 260302|| aca||aabn | a|a d
040 ## - CATALOGING SOURCE
- Original cataloging agency: OSt
- Transcribing agency: OSt
150 ## - HEADING--TOPICAL TERM
- Topical term or geographic name entry element: Medical education
670 ## - SOURCE DATA FOUND
- Source citation: Work cat.: (OSt): Kumar, P. Sesh 59686, Under the Scalpel: reviving India's medical education, 2025
